№ 9, вып. 4; Известия Сибирского отделения Академии наук СССР. Серия химических наук

Bibliographische Detailangaben
Parent link:Известия Сибирского отделения Академии наук СССР. Серия химических наук: научный журнал/ Академия наук СССР (АН СССР), Сибирское отделение (СО). № 9, вып. 4.— , 1963-1990.— 0134-2428
Sprache:Russisch
Veröffentlicht: 1978
Format: Buch
KOHA link:https://koha.lib.tpu.ru/cgi-bin/koha/opac-detail.pl?biblionumber=532378

MARC

LEADER 00000nam2a2200000 4500
001 532378
005 20231101112906.0
035 |a (RuTPU)RU\TPU\prd\219003 
035 |a RU\TPU\prd\218997 
090 |a 532378 
100 |a 20140429b1978 k y0rusy50 ca 
101 0 |a rus 
102 |a RU 
200 0 |a № 9, вып. 4 
210 |d 1978 
461 1 |0 (RuTPU)RU\TPU\prd\796  |x 0134-2428  |x 0002-3426  |t Известия Сибирского отделения Академии наук СССР. Серия химических наук  |o научный журнал  |f Академия наук СССР (АН СССР), Сибирское отделение (СО)  |v № 9, вып. 4  |d 1963-1990 
801 0 |a RU  |b 63413507  |c 20010227  |g PSBO 
801 1 |a RU  |b 63413507  |c 20140424 
801 2 |a RU  |b 63413507  |c 20140429  |g RCR 
942 |c BK 
999 |a НТБ_ТПУ  |b НФ  |e -4/20140109  |p П-6249х  |u 0,00  |v 1